000 00355nam a2200145Ia 4500
008 210716s1998 xx 000 0 und d
020 _a07607001922
041 _aeng
082 _a374.22 BERP
100 _aBerloquin, Pierre.
245 _a365 exercises for the mind.
250 _a1
260 _aNew York
_bBarnes & Noble Book
_c1998
300 _a426
999 _c203459
_d203459